[Event "Julius Baer GenCup Pl/In"]
[Site "Chess.com INT"]
[Date "2024.09.25"]
[Round "2"]
[White "Amin, Bassem"]
[Black "Quintiliano Pinto, Renato Rodrigues"]
[Result "1-0"]
[WhiteElo "2636"]
[BlackElo "2499"]
[PlyCount "53"]
[EventDate "2024.09.25"]
[EventType "swiss (rapid)"]
[EventRounds "9"]
[EventCountry "GER"]
[SourceTitle "EXT 2025"]
[Source "ChessBase"]
[SourceDate "2024.10.14"]
[SourceVersion "1"]
[SourceVersionDate "2024.10.14"]
[SourceQuality "1"]

1. e4 c5 2. Nf3 d6 3. g3 Nf6 4. c3 g6 5. Bg2 Bg7 6. 0-0 0-0 7. Re1 Nc6 8. h3 e5 9. d3 Re8 10. a3 b5 11. Be3 a5 12. a4 b4 13. Nbd2 h6 14. Rc1 Ba6 15. d4 bxc3 16. bxc3 exd4 17. cxd4 Nb4 18. dxc5 dxc5 19. e5 Nfd5 20. Bxc5 Nd3 21. Ne4 Nxc1 22. Qxc1 Nb4 23. Rd1 Qc7 24. Nf6+ Kh8 25. Rd7 Qxd7 26. Nxd7 Rac8 27. Qf4 1-0

[Event "Julius Baer GenCup Pl/In"]
[Site "Chess.com INT"]
[Date "2024.09.25"]
[Round "7"]
[White "Karthik, Venkataraman"]
[Black "Amin, Bassem"]
[Result "0-1"]
[WhiteElo "2581"]
[BlackElo "2636"]
[PlyCount "92"]
[EventDate "2024.09.25"]
[EventType "swiss (rapid)"]
[EventRounds "9"]
[EventCountry "GER"]
[SourceTitle "EXT 2025"]
[Source "ChessBase"]
[SourceDate "2024.10.14"]
[SourceVersion "1"]
[SourceVersionDate "2024.10.14"]
[SourceQuality "1"]

1. e4 e5 2. Nf3 Nc6 3. Bb5 a6 4. Ba4 Nf6 5. 0-0 Be7 6. Re1 b5 7. Bb3 d6 8. c3 0-0 9. h3 Nb8 10. d4 Nbd7 11. Nbd2 Bb7 12. Bc2 Re8 13. Nf1 Bf8 14. Ng3 g6 15. b3 a5 16. Rb1 d5 17. Bg5 h6 18. Bxf6 Qxf6 19. exd5 exd4 20. Ne4 Qb6 21. Qxd4 f5 22. Ng3 Bg7 23. Qd2 Qc5 24. Re6 Nf8 25. Rxe8 Rxe8 26. c4 b4 27. Bxf5 gxf5 28. Nxf5 Qb6 29. Nxg7 Kxg7 30. Nd4 Qf6 31. Rd1 Bc8 32. c5 Ng6 33. d6 cxd6 34. cxd6 Nf4 35. Kh2 Bd7 36. Rc1 Kh8 37. Nf3 Rg8 38. g3 Nxh3 39. Ne5 Be6 40. d7 Ng5 41. Qd4 Bxd7 42. f4 Be6 43. fxg5 hxg5 44. Nf7+ Kg7 45. Nxg5 Rh8+ 46. Kg2 Bh3+ 0-1

[Event "Julius Baer GenCup Pl/In"]
[Site "Chess.com INT"]
[Date "2024.09.25"]
[Round "3"]
[White "Klekowski, Maciej"]
[Black "Amin, Bassem"]
[Result "0-1"]
[WhiteElo "2463"]
[BlackElo "2636"]
[PlyCount "104"]
[EventDate "2024.09.25"]
[EventType "swiss (rapid)"]
[EventRounds "9"]
[EventCountry "GER"]
[SourceTitle "EXT 2025"]
[Source "ChessBase"]
[SourceDate "2024.10.14"]
[SourceVersion "1"]
[SourceVersionDate "2024.10.14"]
[SourceQuality "1"]

1. c4 Nf6 2. Nc3 g6 3. g3 Bg7 4. Bg2 0-0 5. d4 d6 6. e3 e5 7. Nge2 Re8 8. 0-0 e4 9. b4 h5 10. f3 exf3 11. Bxf3 Bh3 12. Bxb7 Nbd7 13. Bg2 Bxg2 14. Kxg2 c5 15. bxc5 dxc5 16. Nf4 Nb6 17. Qd3 Rc8 18. d5 Ng4 19. e4 Ne5 20. Qc2 Nbxc4 21. Rb1 Ng4 22. Qd3 Nce5 23. Qc2 Nc4 24. Qd3 Nge5 25. Qc2 Qa5 26. Nfe2 Qa6 27. Nb5 Qa5 28. Nbc3 Nd6 29. h3 Nec4 30. Qd3 a6 31. Bf4 Ne5 32. Qc2 Nb5 33. Nxb5 axb5 34. Bxe5 Bxe5 35. Rf2 c4 36. Rbf1 Rc7 37. Nf4 b4 38. d6 Rc5 39. Nd5 Rf8 40. d7 c3 41. Rd1 Rd8 42. Ne7+ Kg7 43. Qb3 f6 44. Qe6 c2 45. Rc1 Qa3 46. Nd5 Qxg3+ 47. Kf1 Qd3+ 48. Kg2 Qxe4+ 49. Rf3 Rxd5 50. Qe7+ Kh6 51. Qxd8 Rd2+ 52. Kg1 Bh2+ 0-1

[Event "Julius Baer GenCup Pl/In"]
[Site "Chess.com INT"]
[Date "2024.09.25"]
[Round "1"]
[White "Madaminov, Mukhiddin"]
[Black "Amin, Bassem"]
[Result "1-0"]
[WhiteElo "2512"]
[BlackElo "2636"]
[PlyCount "141"]
[EventDate "2024.09.25"]
[EventType "swiss (rapid)"]
[EventRounds "9"]
[EventCountry "GER"]
[SourceTitle "EXT 2025"]
[Source "ChessBase"]
[SourceDate "2024.10.14"]
[SourceVersion "1"]
[SourceVersionDate "2024.10.14"]
[SourceQuality "1"]

1. e4 e5 2. Nf3 Nc6 3. Bc4 Nf6 4. Ng5 d5 5. exd5 Na5 6. Bb5+ c6 7. dxc6 bxc6 8. Bd3 Nd5 9. Nf3 Bd6 10. 0-0 0-0 11. Re1 Re8 12. Nc3 f5 13. Bf1 e4 14. Nxd5 cxd5 15. Nd4 Qf6 16. c3 Bb7 17. d3 Kh8 18. dxe4 fxe4 19. Be3 Nc4 20. Bxc4 dxc4 21. Qg4 Rab8 22. Qf5 Qh4 23. g3 Qe7 24. Bg5 Qe5 25. Qxe5 Bxe5 26. Rad1 h6 27. Bc1 Bf6 28. Nb5 e3 29. Nd6 exf2+ 30. Kxf2 Rf8 31. Kg1 Ba6 32. Re6 Bd8 33. Be3 Kh7 34. Rd2 Bc7 35. Re7 Bb6 36. Bxb6 Rxb6 37. Rxa7 Rd8 38. Nxc4 Rxd2 39. Nxd2 Rxb2 40. Rxa6 Rxd2 41. a4 Rc2 42. Rc6 Ra2 43. Rc4 Kg6 44. h4 Kf5 45. Kf1 Ke5 46. Ke1 h5 47. g4 g6 48. gxh5 gxh5 49. Kd1 Kd5 50. Rb4 Kc5 51. Kc1 Rg2 52. Kb1 Rg1+ 53. Kb2 Rg2+ 54. Kb3 Rg1 55. Rb5+ Kc6 56. Rxh5 Rb1+ 57. Kc4 Rg1 58. Rh6+ Kb7 59. a5 Ra1 60. a6+ Ka7 61. h5 Ra5 62. Kb4 Rg5 63. c4 Rg1 64. Rf6 Rh1 65. h6 Rh5 66. c5 Rh1 67. Kb5 Rb1+ 68. Kc4 Rh1 69. Kd5 Rh5+ 70. Ke6 Rxc5 71. Kf7 1-0

[Event "Julius Baer GenCup Pl/In"]
[Site "Chess.com INT"]
[Date "2024.09.25"]
[Round "9"]
[White "Svane, Rasmus"]
[Black "Amin, Bassem"]
[Result "1/2-1/2"]
[WhiteElo "2629"]
[BlackElo "2636"]
[PlyCount "63"]
[EventDate "2024.09.25"]
[EventType "swiss (rapid)"]
[EventRounds "9"]
[EventCountry "GER"]
[SourceTitle "EXT 2025"]
[Source "ChessBase"]
[SourceDate "2024.10.14"]
[SourceVersion "1"]
[SourceVersionDate "2024.10.14"]
[SourceQuality "1"]

1. Nf3 Nf6 2. g3 g6 3. Bg2 Bg7 4. 0-0 0-0 5. d4 d6 6. Re1 Nbd7 7. e4 e5 8. Nc3 c6 9. a4 a5 10. h3 Re8 11. Be3 exd4 12. Bxd4 c5 13. Bxf6 Nxf6 14. e5 dxe5 15. Qxd8 Rxd8 16. Nxe5 Rb8 17. Rad1 Bf5 18. Rxd8+ Rxd8 19. Re2 Be6 20. Bxb7 Rb8 21. Bg2 Rxb2 22. Nd3 Rb8 23. Nxc5 Bc4 24. Rd2 Bf8 25. Rd4 Rb4 26. Nd3 Bxd3 27. Rxd3 Rc4 28. Nd5 Nxd5 29. Bxd5 Rxc2 30. Rf3 Rc7 31. h4 Kg7 32. Kg2 1/2-1/2

[Event "Olympiad-45"]
[Site "Budapest"]
[Date "2024.09.21"]
[Round "10.1"]
[White "Zambrana, Oswaldo"]
[Black "Amin, Bassem"]
[Result "0-1"]
[WhiteElo "2405"]
[BlackElo "2636"]
[PlyCount "66"]
[EventDate "2024.09.11"]
[EventType "team-swiss"]
[EventRounds "11"]
[EventCountry "HUN"]
[SourceTitle "EXT 2025"]
[Source "ChessBase"]
[SourceDate "2024.10.14"]
[SourceVersion "1"]
[SourceVersionDate "2024.10.14"]
[SourceQuality "1"]
[WhiteTeam "Bolivia"]
[BlackTeam "Egypt"]
[WhiteTeamCountry "BOL"]
[BlackTeamCountry "EGY"]

1. e4 e5 2. Nf3 Nc6 3. Bc4 Nf6 4. d3 h6 5. 0-0 d6 6. c3 g6 7. Re1 Bg7 8. d4 0-0 9. dxe5 dxe5 10. Qxd8 Rxd8 11. a4 b6 12. Na3 Bb7 13. Bb3 Nxe4 14. Rxe4 Na5 15. Bxf7+ Kxf7 16. Re1 Nb3 17. Rb1 e4 18. Nd4 Nxd4 19. cxd4 Rxd4 20. b3 Rd7 21. Bf4 g5 22. Bg3 Rad8 23. h4 c5 24. a5 Bc3 25. Rec1 Bd2 26. Rc2 e3 27. fxe3 Bxe3+ 28. Kh2 Be4 29. Rf1+ Kg8 30. Ra2 Rd2 31. Rxd2 Rxd2 32. Re1 Rxg2+ 33. Kh3 Bf4 0-1

[Event "Olympiad-45"]
[Site "Budapest"]
[Date "2024.09.19"]
[Round "8.1"]
[White "Salem, AR Saleh"]
[Black "Amin, Bassem"]
[Result "1-0"]
[WhiteElo "2631"]
[BlackElo "2636"]
[PlyCount "81"]
[EventDate "2024.09.11"]
[EventType "team-swiss"]
[EventRounds "11"]
[EventCountry "HUN"]
[SourceTitle "EXT 2025"]
[Source "ChessBase"]
[SourceDate "2024.10.14"]
[SourceVersion "1"]
[SourceVersionDate "2024.10.14"]
[SourceQuality "1"]
[WhiteTeam "United Arab Emirates"]
[BlackTeam "Egypt"]
[WhiteTeamCountry "UAE"]
[BlackTeamCountry "EGY"]

1. d4 Nf6 2. c4 g6 3. Nc3 Bg7 4. e4 d6 5. f3 0-0 6. Be3 c5 7. Nge2 Nc6 8. d5 Ne5 9. Ng3 e6 10. Be2 exd5 11. cxd5 b5 12. Nxb5 Rb8 13. 0-0 a6 14. Nc3 Rxb2 15. Qc1 Rb4 16. Bh6 Bxh6 17. Qxh6 Re8 18. h3 Kh8 19. Qc1 c4 20. Kh2 a5 21. Nd1 h5 22. Qc3 Kg8 23. Ne3 Qb6 24. Nxc4 Qc5 25. Rfc1 h4 26. Nf1 Ba6 27. Nxe5 Qxc3 28. Rxc3 Bxe2 29. Nc6 Bxf1 30. Nxb4 axb4 31. Rc6 Be2 32. Rxd6 Nh5 33. Rb6 Rc8 34. d6 Kg7 35. Rxb4 Nf4 36. Rab1 Rc2 37. R1b2 Rc1 38. e5 Bc4 39. d7 Ne6 40. Rd2 g5 41. Rb6 1-0

[Event "Olympiad-45"]
[Site "Budapest"]
[Date "2024.09.18"]
[Round "7.1"]
[White "Amin, Bassem"]
[Black "Cheparinov, Ivan"]
[Result "1/2-1/2"]
[WhiteElo "2636"]
[BlackElo "2628"]
[PlyCount "44"]
[EventDate "2024.09.11"]
[EventType "team-swiss"]
[EventRounds "11"]
[EventCountry "HUN"]
[SourceTitle "EXT 2025"]
[Source "ChessBase"]
[SourceDate "2024.10.14"]
[SourceVersion "1"]
[SourceVersionDate "2024.10.14"]
[SourceQuality "1"]
[WhiteTeam "Egypt"]
[BlackTeam "Bulgaria"]
[WhiteTeamCountry "EGY"]
[BlackTeamCountry "BUL"]

1. Nf3 d5 2. g3 g6 3. Bg2 Bg7 4. d4 Nf6 5. 0-0 0-0 6. c4 dxc4 7. Na3 c5 8. dxc5 c3 9. Nb5 Na6 10. Nxc3 Nxc5 11. Be3 Nfe4 12. Nxe4 Nxe4 13. Bd4 Bxd4 14. Qxd4 Qxd4 15. Nxd4 Nd6 16. Rac1 Rd8 17. f4 a5 18. Rc7 Ne8 19. Rc4 Nd6 20. Rc7 Ne8 21. Rc4 Nd6 22. Rc7 Ne8 1/2-1/2

[Event "Titled Tuesday intern op 03rd Sep Late"]
[Site "Chess.com INT"]
[Date "2024.09.03"]
[Round "1"]
[White "Amin, Bassem"]
[Black "Alavkin, Arseny Nailievich"]
[Result "1-0"]
[WhiteElo "2636"]
[BlackElo "2367"]
[PlyCount "79"]
[EventDate "2024.09.03"]
[EventType "swiss (blitz)"]
[EventRounds "11"]
[EventCountry "USA"]
[SourceTitle "EXT 2025"]
[Source "ChessBase"]
[SourceDate "2024.10.14"]
[SourceVersion "1"]
[SourceVersionDate "2024.10.14"]
[SourceQuality "1"]

1. e4 c5 2. Nf3 d6 3. g3 Nf6 4. d3 e6 5. Bg2 Be7 6. 0-0 0-0 7. Re1 Nc6 8. c3 b6 9. d4 d5 10. e5 Nd7 11. h4 f6 12. exf6 Nxf6 13. Ng5 Bd6 14. Nxe6 Bxe6 15. Rxe6 Qd7 16. Re1 cxd4 17. cxd4 Nxd4 18. Qxd4 Bc5 19. Qd1 Ne4 20. Bxe4 Bxf2+ 21. Kg2 Bxe1 22. Qxd5+ Qxd5 23. Bxd5+ Kh8 24. Bxa8 Rxa8 25. Nc3 Rc8 26. Bf4 Bxc3 27. Rc1 h6 28. Rxc3 Rd8 29. Rc7 a5 30. Be5 Rg8 31. Rc6 Kh7 32. Rxb6 Re8 33. Bc3 a4 34. a3 Re4 35. Rb4 Re2+ 36. Kf3 Rc2 37. Rb7 Kg6 38. g4 h5 39. Rxg7+ Kh6 40. g5# 1-0

[Event "Titled Tuesday intern op 03rd Sep Late"]
[Site "Chess.com INT"]
[Date "2024.09.03"]
[Round "8"]
[White "Amin, Bassem"]
[Black "Horak, Martin"]
[Result "1-0"]
[WhiteElo "2636"]
[BlackElo "2362"]
[PlyCount "61"]
[EventDate "2024.09.03"]
[EventType "swiss (blitz)"]
[EventRounds "11"]
[EventCountry "USA"]
[SourceTitle "EXT 2025"]
[Source "ChessBase"]
[SourceDate "2024.10.14"]
[SourceVersion "1"]
[SourceVersionDate "2024.10.14"]
[SourceQuality "1"]

1. e4 c5 2. Nf3 Nc6 3. g3 g6 4. Bg2 Bg7 5. 0-0 d6 6. c3 Nf6 7. d4 Bg4 8. Be3 cxd4 9. cxd4 0-0 10. Nc3 d5 11. e5 Ne4 12. h3 Nxc3 13. bxc3 Bf5 14. Nh4 Bc8 15. f4 e6 16. Qe1 b6 17. g4 Ba6 18. f5 Bxf1 19. Bxf1 gxf5 20. gxf5 f6 21. Bb5 Ne7 22. fxe6 fxe5 23. dxe5 Nf5 24. Nxf5 Rxf5 25. Qg3 Rxe5 26. Bd7 Rh5 27. Rf1 Qh4 28. Qxh4 Rxh4 29. e7 Re4 30. Bg5 h6 31. Bc6 1-0

[Event "Titled Tuesday intern op 03rd Sep Late"]
[Site "Chess.com INT"]
[Date "2024.09.03"]
[Round "3"]
[White "Amin, Bassem"]
[Black "Kurchenko, Egor"]
[Result "1-0"]
[WhiteElo "2636"]
[BlackElo "2255"]
[PlyCount "57"]
[EventDate "2024.09.03"]
[EventType "swiss (blitz)"]
[EventRounds "11"]
[EventCountry "USA"]
[SourceTitle "EXT 2025"]
[Source "ChessBase"]
[SourceDate "2024.10.14"]
[SourceVersion "1"]
[SourceVersionDate "2024.10.14"]
[SourceQuality "1"]

1. e4 e5 2. Nf3 Nc6 3. Bb5 a6 4. Ba4 d6 5. Bxc6+ bxc6 6. d4 f6 7. c4 Be7 8. Nc3 h5 9. 0-0 Nh6 10. Nh4 Bg4 11. f3 Be6 12. Ng6 Rh7 13. d5 Bf7 14. Nxe7 Qxe7 15. Qa4 Kf8 16. Qxc6 Qd8 17. c5 Qb8 18. cxd6 cxd6 19. Be3 Be8 20. Qb6 g5 21. Qxb8 Rxb8 22. b3 Nf7 23. Rfc1 Nd8 24. Nd1 h4 25. Nb2 Nb7 26. Rc3 Bb5 27. Rac1 Ke8 28. Kf2 Rd7 29. a4 1-0

[Event "Titled Tuesday intern op 03rd Sep Late"]
[Site "Chess.com INT"]
[Date "2024.09.03"]
[Round "6"]
[White "Amin, Bassem"]
[Black "Sarana, Alexey"]
[Result "0-1"]
[WhiteElo "2636"]
[BlackElo "2713"]
[PlyCount "100"]
[EventDate "2024.09.03"]
[EventType "swiss (blitz)"]
[EventRounds "11"]
[EventCountry "USA"]
[SourceTitle "EXT 2025"]
[Source "ChessBase"]
[SourceDate "2024.10.14"]
[SourceVersion "1"]
[SourceVersionDate "2024.10.14"]
[SourceQuality "1"]

1. e4 c5 2. Nf3 d6 3. g3 Nf6 4. d3 Nc6 5. Bg2 g6 6. 0-0 Bg7 7. c3 e5 8. a3 0-0 9. b4 b6 10. b5 Ne7 11. c4 h6 12. Nc3 a6 13. a4 axb5 14. cxb5 Be6 15. Re1 Kh7 16. Bb2 Ra7 17. Nd2 d5 18. exd5 Nfxd5 19. Nc4 Nb4 20. Nxe5 Bxe5 21. Rxe5 Nxd3 22. Qe2 Nxb2 23. Qxb2 Qd4 24. Rae1 Qb4 25. Qc1 Nf5 26. h4 Nd4 27. h5 g5 28. Nd5 Bxd5 29. Bxd5 Rd7 30. Be4+ f5 31. Bc6 Rdf7 32. Bd5 Rf6 33. Re7+ Kh8 34. Kg2 f4 35. Qd1 fxg3 36. fxg3 Qc3 37. R1e3 Qb2+ 38. Kh3 Qf2 39. Qd3 g4+ 40. Kxg4 Rf5 41. R3e5 c4 42. Rxf5 Nxf5 43. Qc3+ Nd4 44. Bxc4 Qf5+ 45. Kh4 Qf6+ 46. Kh3 Qxe7 47. Qxd4+ Rf6 48. g4 Qd6 49. Qxd6 Rxd6 50. Kh4 Rd4 0-1

[Event "Titled Tuesday intern op 03rd Sep Late"]
[Site "Chess.com INT"]
[Date "2024.09.03"]
[Round "10"]
[White "Amin, Bassem"]
[Black "Schmider, Niklas"]
[Result "1-0"]
[WhiteElo "2636"]
[BlackElo "2379"]
[PlyCount "45"]
[EventDate "2024.09.03"]
[EventType "swiss (blitz)"]
[EventRounds "11"]
[EventCountry "USA"]
[SourceTitle "EXT 2025"]
[Source "ChessBase"]
[SourceDate "2024.10.14"]
[SourceVersion "1"]
[SourceVersionDate "2024.10.14"]
[SourceQuality "1"]

1. d4 Nf6 2. Nf3 d5 3. Bf4 c5 4. e3 Nc6 5. Nbd2 Qb6 6. dxc5 Qxb2 7. Rb1 Qc3 8. Bb5 Qxc5 9. c4 e6 10. 0-0 Be7 11. Nb3 Qb6 12. Nbd4 Qc5 13. Ne5 Bd7 14. Nxd7 Nxd7 15. cxd5 Qxd5 16. Nxc6 bxc6 17. Qxd5 cxd5 18. Rfc1 Bd8 19. Bc6 Rc8 20. Bxd7+ Kxd7 21. Rb7+ Bc7 22. Rcxc7+ Rxc7 23. Rxc7+ 1-0

[Event "Titled Tuesday intern op 03rd Sep Late"]
[Site "Chess.com INT"]
[Date "2024.09.03"]
[Round "2"]
[White "Estrada Nieto, Julian"]
[Black "Amin, Bassem"]
[Result "0-1"]
[WhiteElo "2204"]
[BlackElo "2636"]
[PlyCount "148"]
[EventDate "2024.09.03"]
[EventType "swiss (blitz)"]
[EventRounds "11"]
[EventCountry "USA"]
[SourceTitle "EXT 2025"]
[Source "ChessBase"]
[SourceDate "2024.10.14"]
[SourceVersion "1"]
[SourceVersionDate "2024.10.14"]
[SourceQuality "1"]

1. e4 e5 2. Nf3 Nc6 3. Bb5 a6 4. Ba4 Nf6 5. 0-0 Be7 6. Re1 b5 7. Bb3 d6 8. a4 Bg4 9. c3 0-0 10. d3 Na5 11. Bc2 b4 12. Nbd2 Rb8 13. d4 c5 14. Bd3 bxc3 15. bxc3 cxd4 16. cxd4 exd4 17. h3 Bh5 18. g4 Bg6 19. Nxd4 d5 20. Nf5 dxe4 21. Nxe4 Nxe4 22. Bxe4 Bf6 23. Rb1 Re8 24. Bf4 Rxb1 25. Qxb1 Nc4 26. Rd1 Qb6 27. Qxb6 Nxb6 28. Bc6 Re6 29. Rc1 h5 30. a5 hxg4 31. hxg4 Nc8 32. Bd7 Re4 33. Rxc8+ Kh7 34. Bg3 Rxg4 35. Rc6 Rg5 36. Rc5 Bd4 37. Rd5 Ba7 38. Ne3 Bxe3 39. Rxg5 Bxg5 40. Bc6 Bd3 41. Bb7 Bd8 42. Bd6 Bxa5 43. Ba3 Bb6 44. Bb2 g6 45. Kg2 a5 46. Kf3 Bb5 47. Bd5 Bc5 48. Bxf7 a4 49. Bd5 a3 50. Bc3 Kh6 51. Kg3 Bd3 52. Bd2+ Kg7 53. f4 Bb1 54. Bc3+ Kh6 55. Kf3 a2 56. Kg4 Bf5+ 57. Kg3 Bb1 58. Be5 Kh7 59. Bc3 Bf8 60. Kf2 Bg7 61. Bxg7 Kxg7 62. Bxa2 Bxa2 63. Kg3 Be6 64. Kf3 Bf5 65. Ke3 Kh6 66. Kd4 Kh5 67. Ke5 Kg4 68. Kf6 Kxf4 69. Ke7 g5 70. Kf6 g4 71. Ke7 g3 72. Kd6 g2 73. Kc5 g1Q+ 74. Kc4 Qe3 0-1

[Event "Titled Tuesday intern op 03rd Sep Late"]
[Site "Chess.com INT"]
[Date "2024.09.03"]
[Round "7"]
[White "Grinev, Valeriy"]
[Black "Amin, Bassem"]
[Result "1-0"]
[WhiteElo "2422"]
[BlackElo "2636"]
[PlyCount "69"]
[EventDate "2024.09.03"]
[EventType "swiss (blitz)"]
[EventRounds "11"]
[EventCountry "USA"]
[SourceTitle "EXT 2025"]
[Source "ChessBase"]
[SourceDate "2024.10.14"]
[SourceVersion "1"]
[SourceVersionDate "2024.10.14"]
[SourceQuality "1"]

1. d4 e6 2. c4 f5 3. Nf3 Nf6 4. g3 Bb4+ 5. Nbd2 0-0 6. Bg2 Qe8 7. 0-0 a5 8. b3 Bxd2 9. Qxd2 d6 10. Bb2 Nc6 11. d5 exd5 12. cxd5 Nb4 13. Ng5 h6 14. Nh3 Bd7 15. Nf4 g5 16. Ne6 Bxe6 17. dxe6 Qxe6 18. Bxb7 Rae8 19. Bxf6 Qxf6 20. a3 Rb8 21. Bg2 Na6 22. Qxa5 Nc5 23. Qxc7 Nxb3 24. Bd5+ Kh8 25. Bxb3 Rxb3 26. a4 f4 27. a5 Rc3 28. Qb6 Rc2 29. a6 Rb2 30. Qc6 fxg3 31. a7 gxf2+ 32. Kh1 Rxe2 33. a8Q Kg7 34. Ra7+ Kg6 35. Qab7 1-0

[Event "Titled Tuesday intern op 03rd Sep Late"]
[Site "Chess.com INT"]
[Date "2024.09.03"]
[Round "9"]
[White "Hungaski, Robert Andrew"]
[Black "Amin, Bassem"]
[Result "0-1"]
[WhiteElo "2471"]
[BlackElo "2636"]
[PlyCount "110"]
[EventDate "2024.09.03"]
[EventType "swiss (blitz)"]
[EventRounds "11"]
[EventCountry "USA"]
[SourceTitle "EXT 2025"]
[Source "ChessBase"]
[SourceDate "2024.10.14"]
[SourceVersion "1"]
[SourceVersionDate "2024.10.14"]
[SourceQuality "1"]

1. Nf3 f5 2. b3 d6 3. Bb2 e5 4. c4 Nf6 5. g3 Be7 6. d3 0-0 7. Nc3 Qe8 8. Bg2 c6 9. e3 Na6 10. a3 e4 11. dxe4 fxe4 12. Nd2 d5 13. b4 Be6 14. cxd5 cxd5 15. 0-0 Rd8 16. Nb3 Bg4 17. Qd4 Qh5 18. Nb5 Rf7 19. Qe5 Qh6 20. N3d4 Bd7 21. Nf5 Bxf5 22. Qxf5 Nb8 23. Nd4 Nc6 24. Nxc6 bxc6 25. Qe6 Rd6 26. Qc8+ Rf8 27. Qh3 Qg5 28. Rac1 Ng4 29. Qh4 Qxh4 30. gxh4 Bxh4 31. Rc2 Rg6 32. h3 Nh6 33. Kh2 Nf5 34. Be5 h6 35. Rfc1 Ne7 36. Bf4 Re6 37. Bf1 g5 38. Bg3 Bxg3+ 39. fxg3 Rff6 40. Be2 Nf5 41. Rc3 Ne7 42. Kg2 Rd6 43. R1c2 Kf7 44. Bh5+ Ke6 45. a4 Ke5 46. Bg4 d4 47. Rc5+ Rd5 48. exd4+ Kxd4 49. Rd2+ Ke5 50. Re2 Rxc5 51. bxc5 Nd5 52. Bf3 Nc3 53. Re3 Kd4 54. Rxc3 Kxc3 55. Bxe4 Kd4 0-1

[Event "Titled Tuesday intern op 03rd Sep Late"]
[Site "Chess.com INT"]
[Date "2024.09.03"]
[Round "11"]
[White "Nurgaliyeva, Zarina"]
[Black "Amin, Bassem"]
[Result "0-1"]
[WhiteElo "2092"]
[BlackElo "2636"]
[PlyCount "56"]
[EventDate "2024.09.03"]
[EventType "swiss (blitz)"]
[EventRounds "11"]
[EventCountry "USA"]
[SourceTitle "EXT 2025"]
[Source "ChessBase"]
[SourceDate "2024.10.14"]
[SourceVersion "1"]
[SourceVersionDate "2024.10.14"]
[SourceQuality "1"]

1. d4 e6 2. c4 f5 3. g3 Nf6 4. Bg2 Be7 5. Nc3 0-0 6. Nf3 d6 7. 0-0 Qe8 8. b4 Nc6 9. b5 Nd8 10. a4 Qh5 11. a5 Rb8 12. Ba3 Nf7 13. a6 b6 14. Ne5 Nxe5 15. dxe5 Ng4 16. h3 Nxe5 17. Qb3 f4 18. g4 Qg6 19. Ne4 h5 20. Bb2 hxg4 21. Bxe5 f3 22. Bh1 dxe5 23. Qd3 Rd8 24. Qe3 Rd4 25. exf3 gxf3+ 26. Ng3 Rf4 27. Rad1 Bc5 28. Rd8+ Kf7 0-1

[Event "Titled Tuesday intern op 03rd Sep Late"]
[Site "Chess.com INT"]
[Date "2024.09.03"]
[Round "4"]
[White "Sjugirov, Sanan"]
[Black "Amin, Bassem"]
[Result "1-0"]
[WhiteElo "2644"]
[BlackElo "2636"]
[PlyCount "79"]
[EventDate "2024.09.03"]
[EventType "swiss (blitz)"]
[EventRounds "11"]
[EventCountry "USA"]
[SourceTitle "EXT 2025"]
[Source "ChessBase"]
[SourceDate "2024.10.14"]
[SourceVersion "1"]
[SourceVersionDate "2024.10.14"]
[SourceQuality "1"]

1. c4 f5 2. Nf3 Nf6 3. g3 d6 4. d4 e6 5. Bg2 Be7 6. 0-0 0-0 7. Nc3 Qe8 8. b4 Nc6 9. b5 Nd8 10. a4 Qh5 11. Ba3 Nf7 12. c5 dxc5 13. Bxc5 Bxc5 14. dxc5 e5 15. Nd5 Nxd5 16. Qxd5 Rd8 17. Qc4 e4 18. Ne5 Kf8 19. f4 exf3 20. Nxf3 Qh6 21. Rad1 Be6 22. Qc3 Bd5 23. Nd4 Bxg2 24. Kxg2 Qg6 25. Rxf5 Kg8 26. Rdf1 Nh6 27. R5f4 Ng4 28. Qb3+ Kh8 29. Qf3 Nf6 30. Ne6 Rd7 31. c6 Re7 32. cxb7 Rae8 33. Nd4 h6 34. Rf2 Qg5 35. Nc6 Re3 36. Qxe3 Rxe3 37. b8Q+ Kh7 38. Rxf6 gxf6 39. Qxc7+ Kg6 40. Qd7 1-0

[Event "Titled Tuesday intern op 03rd Sep Late"]
[Site "Chess.com INT"]
[Date "2024.09.03"]
[Round "5"]
[White "Tifferet, Shaked"]
[Black "Amin, Bassem"]
[Result "0-1"]
[WhiteElo "2305"]
[BlackElo "2636"]
[PlyCount "64"]
[EventDate "2024.09.03"]
[EventType "swiss (blitz)"]
[EventRounds "11"]
[EventCountry "USA"]
[SourceTitle "EXT 2025"]
[Source "ChessBase"]
[SourceDate "2024.10.14"]
[SourceVersion "1"]
[SourceVersionDate "2024.10.14"]
[SourceQuality "1"]

1. e4 e5 2. Nf3 Nc6 3. Nc3 Nf6 4. Be2 d5 5. exd5 Nxd5 6. 0-0 Nxc3 7. bxc3 Bd6 8. d4 0-0 9. h3 Bf5 10. Rb1 e4 11. Nd2 Qh4 12. Rb5 Bg6 13. Rxb7 Qf4 14. Nf3 Qf6 15. Bg5 Qf5 16. Rb5 exf3 17. Rxf5 fxe2 18. Qxe2 Bxf5 19. d5 Rfe8 20. Qa6 Ne5 21. f4 Ng6 22. g4 Bxc2 23. f5 Ne5 24. f6 Bd3 25. Qa4 Bxf1 26. Kxf1 Nf3 27. Bf4 Bc5 28. Bxc7 Re1+ 29. Kg2 Nh4+ 30. Kg3 g5 31. Qc6 Rg1+ 32. Kh2 Nf3# 0-1

[Event "Titled Tuesday intern op 27th Aug Late"]
[Site "Chess.com INT"]
[Date "2024.08.27"]
[Round "4"]
[White "Amin, Bassem"]
[Black "Naroditsky, Daniel"]
[Result "0-1"]
[WhiteElo "2667"]
[BlackElo "2619"]
[PlyCount "88"]
[EventDate "2024.08.27"]
[EventType "swiss (blitz)"]
[EventRounds "11"]
[EventCountry "USA"]
[SourceTitle "EXT 2025"]
[Source "ChessBase"]
[SourceDate "2024.10.14"]
[SourceVersion "1"]
[SourceVersionDate "2024.10.14"]
[SourceQuality "1"]

1. e4 c5 2. Nf3 Nc6 3. g3 Nf6 4. d3 d5 5. Nbd2 dxe4 6. dxe4 Bg4 7. h3 Bh5 8. Bg2 e6 9. 0-0 Be7 10. c3 Qc7 11. Qe2 h6 12. Nc4 Rd8 13. Bf4 Qc8 14. Rad1 0-0 15. Nd6 Qa8 16. g4 Bg6 17. e5 Nd5 18. Bg3 Bh7 19. c4 Nb6 20. b3 Qb8 21. Rd2 Rd7 22. Rfd1 Rfd8 23. Qe3 Nc8 24. Qxc5 Nxe5 25. Nxe5 Rxd6 26. Qb5 a6 27. Rxd6 Nxd6 28. Qb6 Qc8 29. c5 Ne4 30. Rxd8+ Bxd8 31. Qb4 Nxc5 32. Qc4 Qc7 33. Nxf7 Qxf7 34. Qxc5 Qd7 35. Qd6 Qxd6 36. Bxd6 b5 37. b4 Bd3 38. Bb7 a5 39. bxa5 Bxa5 40. a3 Kf7 41. Bc6 Bc4 42. Kg2 Bc3 43. f4 g5 44. Kf3 Bf1 0-1